00926nab a2200253uuc4500001000800000005001700008008004100025035001200066035002100078040001300099041000800112100005200120245008900172650001800261650003300279650002600312650002800338700005300366700004200419700003800461773014400499942001000643999001900653113114120240605085801.0090313e20060905 spa  a1131141 a(OCoLC)820459378 ccomduadb aspa10aGonzález Rodríguez, Yolma4auteaut957489610aEsterilizacion, estabilizacion y estudio del carácter antimicrobiano del tisuacryl aAdhesivos927 7aEsterilización2dcs941507 aAntibióticos932182 aEstabilización91464510aGuerra Bretaña, Rosa Mayelin4auteaut955185310aDuran Ramos, Ivette4auteaut955240210aPrieto, Enrique4auteaut94428360 tRevista Cenic. Ciencias Biológicas (La Habana)gVolumen 37, Número 03, Septiembre-Octubre de 2006, p. 137-141w106242x0258-6002090925 cARIMP c494147d494147